000 00659nam a2200265Ia 4500
005 20260121161449.0
008 008 260114s9999 xx 000 0 eng d
020 _a9780429139567
037 _aEBOOK
040 _aCRL
040 _beng
040 _cCRL
041 _2eng
041 _aeng
084 _qCRL
100 _aNon-Unique Factorizations
_91045214
245 0 _aAlfred Geroldinger; Franz Halter-Koch
260 _bTaylor and Francis
260 _c2006
650 _aApplied Mathematics
_91045215
856 _uhttp://www.taylorfrancis.com/books/9780429139567
942 _cEBOOK
999 _c1611015
_d1611015